Most Overweight Countries in the World - Statistics

General Stats
  • This quiz has been taken 39 times
  • The average score is 12 of 30
Answer Stats
Obesity Rate Country % Correct
42.9% United States
94%
36.1% Mexico
68%
70.2% Nauru
62%
61.2% Samoa
62%
63.9% Tuvalu
59%
70.5% Tonga
56%
42.2% Palau
53%
46.2% Kiribati
50%
47.3% Marshall Islands
47%
45.6% Micronesia
44%
41.1% Saudi Arabia
44%
45.4% Kuwait
41%
37.2% Bahrain
38%
35.6% Jordan
38%
39.5% Chile
35%
43% Egypt
35%
37.4% Iraq
35%
43.8% Qatar
35%
36% Argentina
32%
47.6% Bahamas
29%
38.2% Barbados
29%
46.6% St Kitts and Nevis
29%
34.7% Uruguay
29%
36.2% Libya
26%
36.1% Panama
26%
36.4% Hungary
24%
38.9% Georgia
18%
38.2% Romania
18%
41.9% Belize
15%
35.7% Croatia
12%
No matching quizzes found
Score Distribution
Percent of People with Each Score
Percentile by Number Answered
Your Score History
You have not taken this quiz